Fr. Conceicao Rodrigues College of Engineering

Zero to One (Record no. 36051)

MARC details
000 -LEADER
fixed length control field 00464nam a22001577a 4500
003 - CONTROL NUMBER IDENTIFIER
control field OSt
005 - DATE AND TIME OF LATEST TRANSACTION
control field 20240705112632.0
007 - PHYSICAL DESCRIPTION FIXED FIELD--GENERAL INFORMATION
fixed length control field 210
008 - FIXED-LENGTH DATA ELEMENTS--GENERAL INFORMATION
fixed length control field 240705b |||||||| |||| 00| 0 eng d
020 ## - INTERNATIONAL STANDARD BOOK NUMBER
International Standard Book Number 9780753555200
040 ## - CATALOGING SOURCE
Language of cataloging English
Transcribing agency
082 ## - DEWEY DECIMAL CLASSIFICATION NUMBER
Classification number 808.83
Item number THI
245 ## - TITLE STATEMENT
Title Zero to One
Remainder of title Notes on startups or how to build the future
Statement of responsibility, etc. Thiel Peter
Medium English
260 ## - PUBLICATION, DISTRIBUTION, ETC.
Name of publisher, distributor, etc. Virgin Books
Date of publication, distribution, etc. 2014
942 ## - ADDED ENTRY ELEMENTS (KOHA)
Source of classification or shelving scheme Dewey Decimal Classification
Koha item type BOOK
Classification part 808.83 / THI
Call number prefix 808.83
Call number suffix THI
Suppress in OPAC No
Holdings
Withdrawn status Lost status Source of classification or shelving scheme Damaged status Not for loan Collection Home library Current library Date acquired Cost, normal purchase price Total Checkouts Full call number Barcode Date last seen Date last checked out Price effective from Koha item type Total Renewals
    Dewey Decimal Classification     General Fr. Agnel's C.Rodrigues College of Engineering Fr. Agnel's C.Rodrigues College of Engineering 05/07/2024 699.00 2 808.83/THI 26409 25/02/2026 13/02/2026 05/07/2024 BOOK  
    Dewey Decimal Classification     General Fr. Agnel's C.Rodrigues College of Engineering Fr. Agnel's C.Rodrigues College of Engineering 05/07/2024 699.00 3 808.83/THI 26410 25/02/2026 06/02/2026 05/07/2024 BOOK  
    Dewey Decimal Classification     General Fr. Agnel's C.Rodrigues College of Engineering Fr. Agnel's C.Rodrigues College of Engineering 05/07/2024 699.00 4 808.83/THI 26411 22/06/2026 09/06/2026 05/07/2024 BOOK 1